000 00732nam a2200217Ia 4500
001 8418
003 GE_BSU
008 181216s||||||||xx |||||||||||||| ||und||
040 _cGE_BSU
080 _a821.353.1-1
100 _aვაჟა-ფშაველა
245 _aთხზულებათა სრული კრებული. ტ.1 ლექსები1881-1903
245 _b10 ტომად
245 _cსარედ. კოლეგ. გ. ლეონიძე
260 _aთბილისი
260 _bსაბჭოთა საქართველო
260 _c1964
300 _a438გვ.22სმ.1ფ.პორტრ.
653 _aთხზულებანი
942 _cBK
999 _c41737
_d41737